{"text_format":"3","workbook":"xlsx","n_sheets":7,"sheets":["E分标速冻半成品类","D分标冻肉类","C分标调味品","B分标油","A分标大米","中标单位名称","中标情况汇总表"],"not_rendered":{"external_links":1,"defined_names":6},"read":"whole","date_system":"1900"}

{"sheet":"E分标速冻半成品类","index":0,"n_rows":83,"n_cols":21,"rows_kept":83,"merged":[[0,0,0,20],[1,0,1,4],[1,6,1,12],[1,16,1,19],[2,0,4,0],[2,2,4,2],[2,3,4,3],[2,4,4,4],[2,5,2,20],[3,1,4,1],[3,5,3,6],[3,7,3,8],[3,9,3,10],[3,11,3,12],[3,13,3,14],[3,15,3,16],[3,17,3,18],[3,19,3,20],[21,0,21,20],[22,0,22,4],[22,6,22,12],[22,16,22,19],[23,0,25,0],[23,2,25,2],[23,3,25,3],[23,4,25,4],[23,5,23,20],[24,1,25,1],[24,5,24,6],[24,7,24,8],[24,9,24,10],[24,11,24,12],[24,13,24,14],[24,15,24,16],[24,17,24,18],[24,19,24,20],[42,0,42,20],[43,0,43,4],[43,6,43,12],[43,16,43,19],[44,0,46,0],[44,2,46,2],[44,3,46,3],[44,4,46,4],[44,5,44,20],[45,1,46,1],[45,5,45,6],[45,7,45,8],[45,9,45,10],[45,11,45,12],[45,13,45,14],[45,15,45,16],[45,17,45,18],[45,19,45,20],[63,0,63,20],[64,0,64,4],[64,6,64,12],[64,16,64,19],[65,0,67,0],[65,2,67,2],[65,3,67,3],[65,4,67,4],[65,5,65,20],[66,1,67,1],[66,5,66,6],[66,7,66,8],[66,9,66,10],[66,11,66,12],[66,13,66,14],[66,15,66,16],[66,17,66,18],[66,19,66,20]]}
["2021-2022学年学生食堂大宗物资采购招标评标表"]
[{"$f":"[1]投标企业签到表!E2","v":"项目编号：PCHQ20210015"},{"$nulls":5},"    E分标（速冻肉制品类）",{"$nulls":9},"2021-10-13"]
["品名",null,"招标    数量","单位","价格要求\n（元/件）","中标情况"]
[null,"规格",{"$nulls":3},"广西桂然生态农业有限公司",null,"南宁市松健冷冻食品贸易有限公司",null,"南宁市丈久食品有限公司",null,"广西味美鲜食品有限公司",null,"广西南宁壹坡食品有限公司",null,"广西康食农业发展有限公司",null,"南宁市梅洛食品有限公司",null,"盈顶汇食品集团股份有限公司"]
[{"$nulls":5},"中标 数量","中标 单价","中标 数量","中标 单价","中标 数量","中标 单价","中标 数量","中标 单价","中标 数量","中标 单价","中标 数量","中标 单价","中标 数量","中标 单价","中标 数量","中标 单价"]
["调理腿排","≤100-150片/件",300,"件","≤300",{"$nulls":6},300,240]
["撒尿牛肉丸","≤20斤/件",300,"件","≤200",{"$nulls":4},300,115]
["干层豆腐","≤20斤/件",180,"件","≤100",{"$nulls":8},180,80]
["香酥鸡柳","≤30斤/件",120,"件","≤220",{"$nulls":6},120,185]
["冰鱼丸","≤20斤/件",120,"件","≤150",{"$nulls":12},120,145]
["烟鸭胸","≤20斤/件",240,"件","≤250"]
["玉米虾排","≤20斤/件",90,"件","≤260",{"$nulls":6},90,248]
["培根肉"," ≤20斤/件",240,"件","≤300"]
["耗油肉丝","≤30斤/件",120,"件","≤250",{"$nulls":6},120,185]
["海苔鸡柳","≤20斤/件",180,"件","≤200",null,null,180,200]
["热狗（70-80g）","≤30斤/件",400,"件","≤180",{"$nulls":8},400,176]
["紫薯糯米球","≤30斤/件",180,"件","≤120",{"$nulls":12},180,105]
["地道肠","≤24斤/件",600,"件","≤400",null,null,100,265,{"$nulls":8},100,365]
["冰鸡排","≤20斤/件",120,"件","≤240",{"$nulls":12},120,145]
["鸡汁福袋","≤26斤/件",400,"件","≤200",{"$nulls":12},400,145]
[]
["2021-2022学年学生食堂大宗物资采购招标评标表"]
[{"$f":"A2","v":"项目编号：PCHQ20210015"},{"$nulls":5},"    E分标（速冻肉制品类）",{"$nulls":9},"2021-10-13"]
["品名",null,"招标    数量","单位","价格要求\n（元/件）","中标情况"]
[null,"规格",{"$nulls":3},"广西桂然生态农业有限公司",null,"南宁市松健冷冻食品贸易有限公司",null,"南宁市丈久食品有限公司",null,"广西味美鲜食品有限公司",null,"广西南宁壹坡食品有限公司",null,"广西康食农业发展有限公司",null,"南宁市梅洛食品有限公司",null,"盈顶汇食品集团股份有限公司"]
[{"$nulls":5},"中标 数量","中标 单价","中标 数量","中标 单价","中标 数量","中标 单价","中标 数量","中标 单价","中标 数量","中标 单价","中标 数量","中标 单价","中标 数量","中标 单价","中标 数量","中标 单价"]
["腰花肠","≤216斤/件",120,"析","≤110",{"$nulls":6},120,88]
["冻蛋饺","≤16斤/件",120,"件","≤180",{"$nulls":8},120,130]
["鱼豆腐","≤20斤/件",60,"件","≤160",null,null,60,94]
["香菇贡丸","≤20斤/件",240,"件","≤230",{"$nulls":8},240,112]
["黄金鸡米粒","≤20斤/件",240,"件","≤200",{"$nulls":6},240,155]
["莲藕合","≤20斤/件",120,"件","≤210",{"$nulls":6},120,115]
["蛋肉卷","≤20斤/件",60,"件","≤160",{"$nulls":8},60,112]
["香芋地瓜丸","≤10斤/件",300,"件","≤60",{"$nulls":12},300,48]
["手抓饼","≤25斤/件",300,"件","≤130",{"$nulls":12},300,93]
[]
[]
[]
[]
[]
["评标专家签名："]
[]
["2021-2022学年学生食堂大宗物资采购招标评标表"]
[{"$f":"A23","v":"项目编号：PCHQ20210015"},{"$nulls":5},"    E分标（速冻肉制品类）",{"$nulls":9},"2021-10-13"]
["品名",null,"招标    数量","单位","价格要求\n（元/件）","中标情况"]
[null,"规格",{"$nulls":3},"广西万乡河餐饮管理有限公司",null,"广西越火餐饮服务有限公司",null,"南宁市承晟丰元商贸有限公司",null,"广西鼎兴养殖有限公司",null,"南宁市大禧源贸易有限公司"]
[{"$nulls":5},"中标 数量","中标 单价","中标 数量","中标 单价","中标 数量","中标 单价","中标 数量","中标 单价","中标 数量","中标 单价","中标 数量","中标 单价","中标 数量","中标 单价","中标 数量","中标 单价"]
["调理腿排","≤100-150片/件",300,"件","≤300"]
["撒尿牛肉丸","≤20斤/件",300,"件","≤200"]
["干层豆腐","≤20斤/件",180,"件","≤100"]
["香酥鸡柳","≤30斤/件",120,"件","≤220"]
["冰鱼丸","≤20斤/件",120,"件","≤150"]
["烟鸭胸","≤20斤/件",240,"件","≤250",{"$nulls":8},240,180]
["玉米虾排","≤20斤/件",90,"件","≤260"]
["培根肉"," ≤20斤/件",240,"件","≤300",{"$nulls":8},240,155]
["耗油肉丝","≤30斤/件",120,"件","≤250"]
["海苔鸡柳","≤20斤/件",180,"件","≤200"]
["热狗（70-80g）","≤30斤/件",400,"件","≤180"]
["紫薯糯米球","≤30斤/件",180,"件","≤120"]
["地道肠","≤24斤/件",600,"件","≤400"]
["冰鸡排","≤20斤/件",120,"件","≤240"]
["鸡汁福袋","≤26斤/件",400,"件","≤200"]
[]
["2021-2022学年学生食堂大宗物资采购招标评标表"]
[{"$f":"A2","v":"项目编号：PCHQ20210015"},{"$nulls":5},"    E分标（速冻肉制品类）",{"$nulls":9},"2021-10-13"]
["品名",null,"招标    数量","单位","价格要求\n（元/件）","中标情况"]
[null,"规格",{"$nulls":3},"广西万乡河餐饮管理有限公司",null,"广西越火餐饮服务有限公司",null,"南宁市承晟丰元商贸有限公司",null,"广西鼎兴养殖有限公司",null,"南宁市大禧源贸易有限公司"]
[{"$nulls":5},"中标 数量","中标 单价","中标 数量","中标 单价","中标 数量","中标 单价","中标 数量","中标 单价","中标 数量","中标 单价","中标 数量","中标 单价","中标 数量","中标 单价","中标 数量","中标 单价"]
["腰花肠","≤216斤/件",120,"析","≤110"]
["冻蛋饺","≤16斤/件",120,"件","≤180"]
["鱼豆腐","≤20斤/件",60,"件","≤160"]
["香菇贡丸","≤20斤/件",240,"件","≤230"]
["黄金鸡米粒","≤20斤/件",240,"件","≤200"]
["莲藕合","≤20斤/件",120,"件","≤210"]
["蛋肉卷","≤20斤/件",60,"件","≤160"]
["香芋地瓜丸","≤10斤/件",300,"件","≤60"]
["手抓饼","≤25斤/件",300,"件","≤130"]
[]
[]
[]
[]
[]
["评标专家签名："]

{"sheet":"D分标冻肉类","index":1,"n_rows":39,"n_cols":21,"rows_kept":39,"merged":[[0,0,0,20],[1,0,1,4],[1,6,1,12],[1,16,1,19],[2,0,4,0],[2,2,4,2],[2,3,4,3],[2,4,4,4],[2,5,2,20],[3,1,4,1],[3,5,3,6],[3,7,3,8],[3,9,3,10],[3,11,3,12],[3,13,3,14],[3,15,3,16],[3,17,3,18],[3,19,3,20],[19,0,19,1],[20,0,20,20],[21,0,21,4],[21,6,21,10],[21,11,21,12],[21,16,21,19],[22,0,24,0],[22,2,24,2],[22,3,24,3],[22,4,24,4],[22,5,22,20],[23,1,24,1],[23,5,23,6],[23,7,23,8],[23,9,23,10],[23,11,23,12],[23,13,23,14],[23,15,23,16],[23,17,23,18],[23,19,23,20],[39,0,39,1]]}
["2021-2022学年学生食堂大宗物资采购招标评标汇总表"]
[{"$f":"[1]投标企业签到表!E2","v":"项目编号：PCHQ20210015"},{"$nulls":5},"    D分标（冻肉类）",{"$nulls":9},"2021-10-13"]
["品名",null,"招标    数量","单位","价格要求\n（元/件）","中标情况"]
[null,"规格",{"$nulls":3},"广西桂然生态农业有限公司",null,"广西安为先食品有限公司",null,"南宁市丈久食品有限公司",null,"广西味美鲜食品有限公司",null,"广西南宁壹坡食品有限公司",null,"广西康食农业发展有限公司",null,"南宁市梅洛食品有限公司",null,"盈顶汇食品集团股份有限公司"]
[{"$nulls":5},"中标 数量","中标 单价","中标 数量","中标 单价","中标 数量","中标 单价","中标 数量","中标 单价","中标 数量","中标 单价","中标 数量","中标 单价","中标 数量","中标 单价","中标 数量","中标 单价"]
["光鸭","≤25KG",25,"吨","≤14000.00",null," ",25,12000]
["鸭胸肉","≤25KG",30,"吨","≤18000.00",{"$nulls":6},20,13600]
["边鸭","≤25KG",60,"吨","≤13000.00",null,null,30,10400,null,null,15,9473,{"$nulls":4},15,9600]
["鸡碎肉","≤25KG",25,"吨","≤15000.00",{"$nulls":4},25,10300]
["边鸡","≤25KG",60,"吨","≤15000.00",{"$nulls":4},60,10200]
["老鸡胸架","≤25KG",4,"吨","≤14000.00",{"$nulls":6},4,8666]
["鸡胸肉","≤25KG",25,"吨","≤16500.00",{"$nulls":12},15,12250]
["面肉","≤25KG",6,"吨","≤16000.00",null,null,6,10000]
["腿肉","≤25KG",6,"吨","≤40000.00",null,null,6,21000]
["三七肉","≤25KG",12,"吨","≤30000.00",null,null,12,10100]
["冻鸡上腿肉","≤25KG",25,"吨","≤18000.00",{"$nulls":4},25,15000]
["鸡腿","≤25KG",18,"吨","≤19000.00",{"$nulls":4},18,13200]
["冻鱿鱼花","≤10KG",100,"件","≤260.00"]
["冻鱿鱼条","≤10KG",200,"件","≤220.00"]
[]
["2021-2022学年学生食堂大宗物资采购招标评标汇总表"]
[{"$f":"A2","v":"项目编号：PCHQ20210015"},{"$nulls":5},"    D分标（冻肉类）",{"$nulls":9},"2021-10-13"]
["品名",null,"招标    数量","单位","价格要求\n（元/件）","中标情况"]
[null,"规格",{"$nulls":3},"广西福鹊食品有限公司",null,"广西猪小呆食品有限公司",null,"广西越火餐饮服务有限公司",null,"广西潮生食品有限责任公司",null,"南宁市承晟丰元商贸有限公司",null,"广西鼎兴养殖有限公司",null,"南宁市大禧源贸易有限公司",null,"那坡县那么鲜农业开发有限公司"]
[{"$nulls":5},"中标 数量","中标 单价","中标 数量","中标 单价","中标 数量","中标 单价","中标 数量","中标 单价","中标 数量","中标 单价","中标 数量","中标 单价","中标 数量","中标 单价","中标 数量","中标 单价"]
["光鸭","≤25KG",25,"吨","≤14000.00"]
["鸭胸肉","≤25KG",30,"吨","≤18000.00",{"$nulls":12},10,13570]
["边鸭","≤25KG",60,"吨","≤13000.00"]
["鸡碎肉","≤25KG",25,"吨","≤15000.00"]
["边鸡","≤25KG",60,"吨","≤15000.00"]
["老鸡胸架","≤25KG",4,"吨","≤14000.00"]
["鸡胸肉","≤25KG",25,"吨","≤16500.00",{"$nulls":12},10,12995]
["面肉","≤25KG",6,"吨","≤16000.00"]
["腿肉","≤25KG",6,"吨","≤40000.00"]
["三七肉","≤25KG",12,"吨","≤30000.00"]
["冻鸡上腿肉","≤25KG",25,"吨","≤18000.00"]
["鸡腿","≤25KG",18,"吨","≤19000.00"]
["冻鱿鱼花","≤10KG",100,"件","≤260.00"]
["冻鱿鱼条","≤10KG",200,"件","≤220.00"]

{"sheet":"C分标调味品","index":2,"n_rows":20,"n_cols":21,"rows_kept":20,"merged":[[0,0,0,20],[1,0,1,4],[1,6,1,12],[1,16,1,19],[2,0,4,0],[2,2,4,2],[2,3,4,3],[2,4,4,4],[2,5,2,20],[3,1,4,1],[3,5,3,6],[3,7,3,8],[3,9,3,10],[3,11,3,12],[3,13,3,14],[3,15,3,16],[3,17,3,18],[3,19,3,20],[19,0,19,1]]}
["2021-2022学年学生食堂大宗物资采购招标评标汇总表"]
[{"$f":"[1]投标企业签到表!E2","v":"项目编号：PCHQ20210015"},{"$nulls":5},"     C分标（调味品类）",{"$nulls":9},"2021-10-13"]
["品名",null,"招标    数量","单位","价格要求\n（元/件）","中标情况"]
[null,"规格",{"$nulls":3},"广西桂然生态农业有限公司",null,"广西南宁市玖味源商贸有限公司",null,"广西南宁百味源食品有限责任公司",null,"广西南宁旺蜀商贸有限责任公司",null,"广西桂拓程商贸有限公司",null,"盈顶汇食品集团股份有限公司",null,"南宁市五丰工贸有限公司",null,"广西麦面龙食品有限公司"]
[{"$nulls":5},"中标 数量","中标 单价","中标 数量","中标 单价","中标 数量","中标 单价","中标 数量","中标 单价","中标 数量","中标 单价","中标 数量","中标 单价","中标 数量","中标 单价","中标 数量","中标 单价"]
["22度三花米酒","≤500mlL/袋\n20袋/件",1400,"件","不高于30元/件",null,null,1400,19]
["蚝油","≤13kg/桶",1400,"件","不高于44元/件",null,null,1400,27.5]
["袋装米醋","≤500ml/袋\n20袋/件",300,"件","不高于18元/件",{"$nulls":4},300,10]
["生抽","≤2000ml/瓶\n6瓶/件",800,"件","不高于110元/件",null,null,800,73]
["醋精","≤500ml/瓶\n12瓶/件",150,"件","不高于48元/件",null,null,150,40]
["山西陈醋","≤500ml/瓶\n20瓶/件",250,"件","不高于52元/件",null,null,250,38]
["黄豆酱","≤5kg/件\n6瓶/件",60,"件","不高于85元/件",null,null,30,60,30,60]
["木薯生粉","25kg/件",400,"件","不高于142元/件",{"$nulls":4},400,2.4]
["草菇老抽","≤2000ml/瓶\n6瓶/件",200,"件","不高于120元/件",{"$nulls":4},200,82]
["白糖","50kg/件",1000,"件","不高于330元/件",{"$nulls":4},1000,3.18]
["四方井腐乳","≤590g/瓶\n6瓶/件",140,"件","不高于58元/件",null,null,140,50]
["豆瓣酱","≤9KG/桶",700,"件","不高于62元/件",null,null,700,46]
["豆沙","≤2kg/包\n8包/件",200,"件","不高于110元/件",{"$nulls":4},200,108]
["鸡精","≤500g//包\n20包/件",250,"件","不高于80元/件",null,null,250,68]
["评标专家签名："]

{"sheet":"B分标油","index":3,"n_rows":10,"n_cols":16,"rows_kept":10,"merged":[[0,0,0,15],[1,0,1,3],[1,5,1,11],[1,13,1,15],[2,0,4,0],[2,1,4,1],[2,2,4,2],[2,3,4,3],[2,4,2,15],[3,4,3,5],[3,6,3,7],[3,8,3,9],[3,10,3,11],[3,12,3,13],[3,14,3,15],[6,1,6,15],[7,1,7,15],[9,0,9,2]]}
["2021-2022学年学生食堂大宗物资采购招标评标汇总表"]
[{"$f":"[1]投标企业签到表!E2","v":"项目编号：PCHQ20210015"},{"$nulls":4},"      B分标（食用油类）",{"$nulls":7},"2021-10-13"]
["品名","招标    数量","单位","价格要求","中标情况"]
[{"$nulls":4},"广西南宁市玖味源商贸有限公司",null,"广西天华盛隆餐饮管理有限公司",null,"广西馥演天商贸有限公司",null,"南宁鸿蕊商贸有限公司",null,"南宁市五丰工贸有限公司",null,"广西麦面龙食品有限公司"]
[{"$nulls":4},"中标 数量","中标 单价","中标 数量","中标 单价","中标 数量","中标 单价","中标 数量","中标 单价","中标 数量","中标 单价","中标 数量","中标 单价"]
["食用调和油",150000,"升","不高于12元/升",90000,{"v":11.3,"d":"11.30"},{"$nulls":4},60000,{"v":10.9,"d":"10.90"}]
["品质要求：","符合国家食用油的有关标准，6-9月份棕榈油含量不超过90%，其他月份棕榈油含量不超过70%，不能含有转基因成份，7度以上不凝结。"]
["包装要求：","食品级内袋或桶+纸箱+外覆收缩膜，净重25升以内。"]
[]
["评标专家签名："]

{"sheet":"A分标大米","index":4,"n_rows":54,"n_cols":20,"rows_kept":54,"merged":[[0,0,0,19],[1,0,1,3],[1,5,1,11],[1,14,1,19],[2,0,4,0],[2,1,4,1],[2,2,4,2],[2,3,4,3],[2,4,2,19],[3,4,3,5],[3,6,3,7],[3,8,3,9],[3,10,3,11],[3,12,3,13],[3,14,3,15],[3,16,3,17],[3,18,3,19],[17,0,17,2],[18,0,18,19],[19,0,19,3],[19,4,19,9],[19,14,19,19],[20,0,22,0],[20,1,22,1],[20,2,22,2],[20,3,22,3],[20,4,20,19],[21,4,21,5],[21,6,21,7],[21,8,21,9],[21,10,21,11],[21,12,21,13],[21,14,21,15],[21,16,21,17],[21,18,21,19],[35,0,35,2],[36,0,36,19],[37,0,37,3],[37,4,37,9],[37,14,37,19],[38,0,40,0],[38,1,40,1],[38,2,40,2],[38,3,40,3],[38,4,38,19],[39,4,39,5],[39,6,39,7],[39,8,39,9],[39,10,39,11],[39,12,39,13],[39,14,39,15],[39,16,39,17],[39,18,39,19],[53,0,53,2]]}
["2021-2022学年学生食堂大宗物资采购招标评标汇总表"]
[{"$f":"[1]投标企业签到表!E2","v":"项目编号：PCHQ20210015"},{"$nulls":4},"A分标（大米、面粉、杂粮、干杂类）",{"$nulls":8},"  2021 年 10 月 13 日"]
["品名","招标    数量","单位","价格要求","中标情况"]
[{"$nulls":4},"广西桂然生态农业有限公司",null,"南宁力源粮油食品有限责任公司",null,"广西南宁百味源食品有限责任公司",null,"广西品饭师粮食集团有限公司",null,"广西万家香农业发展有限公司",null,"南宁市储备粮管理有限责任公司",null,"广西南宁可东商贸有限公司",null,"广西馥演天商贸有限公司"]
[{"$nulls":4},"中标 数量","中标 单价","中标 数量","中标 单价","中标 数量","中标 单价","中标 数量","中标 单价","中标 数量","中标 单价","中标 数量","中标 单价","中标 数量","中标 单价","中标 数量","中标 单价"]
["杂优大米",50,"吨","不高于4100元/吨    净重≤25公斤/袋",null,null,50,2.05]
["优质大米",300,"吨","不高于5600元/吨    净重≤25公斤/袋",{"$nulls":6},100,2.45,100,2.45]
["碎米",8,"吨","不高于4200元/吨    净重≤25公斤/袋 ",{"$nulls":6},8,1.9]
["糯米",10,"吨","不高于8600元/吨    净重≤50公斤/袋",{"$nulls":4},10,3]
["糯米粉",6,"吨","不高于7840元/吨    净重≤25公斤/袋",{"$nulls":4},6,2.6]
["花生粒",6,"吨","不高于16400元/吨    净重≤25公斤/袋 ",{"$nulls":4},6,6.5]
["绿豆",6,"吨","不高于11600元/吨    净重≤25公斤/袋 "]
["黄豆",10,"吨","不高于7500元/吨    净重≤25公斤/袋 ",{"$nulls":4},10,3.7]
["面粉",120,"吨","不高于4200元/吨    净重≤25公斤/袋 ",30,2.05,null,null,40,2.02]
["干木耳",1500,"斤","不高于20元/斤    净重≤2.5公斤/袋 "]
["干米粉",1200,"件","不高于350元/件   净重≤25公斤/袋 ",{"$nulls":4},600,3]
["干香菇",1500,"斤","不高于50元/斤    净重≤2.5公斤/袋 ",{"$nulls":4},1500,38.6]
["评标专家签名："]
["2021-2022学年学生食堂大宗物资采购招标评标表"]
[{"$f":"A2","v":"项目编号：PCHQ20210015"},{"$nulls":3},"A分标（大米、面粉、杂粮、干杂类）",{"$nulls":9},"  2021 年 10 月 13 日"]
["品名","招标    数量","单位","价格要求","中标情况"]
[{"$nulls":4},"那坡县那么鲜农业开发有限公司",null,"南宁市壮大粮油有限公司",null,"南宁山水富源贸易有限公司",null,"广西南宁市锦沅祥商贸有限公司",null,"广西南宁市驰茗佳粮油贸易有限公司",null,"南宁汇粮米业有限公司",null,"广西桂林鑫谷源米业有限公司",null,"南宁市五丰工贸有限公司"]
[{"$nulls":4},"中标 数量","中标 单价","中标 数量","中标 单价","中标 数量","中标 单价","中标 数量","中标 单价","中标 数量","中标 单价","中标 数量","中标 单价","中标 数量","中标 单价","中标 数量","中标 单价"]
["杂优大米",50,"吨","不高于4100元/吨    净重≤25公斤/袋"]
["优质大米",300,"吨","不高于5600元/吨    净重≤25公斤/袋",{"$nulls":4},100,2.45]
["碎米",8,"吨","不高于4200元/吨    净重≤25公斤/袋 "]
["糯米",10,"吨","不高于8600元/吨    净重≤50公斤/袋"]
["糯米粉",6,"吨","不高于7840元/吨    净重≤25公斤/袋"]
["花生粒",6,"吨","不高于16400元/吨    净重≤25公斤/袋 "]
["绿豆",6,"吨","不高于11600元/吨    净重≤25公斤/袋 ",{"$nulls":14},6,5]
["黄豆",10,"吨","不高于7500元/吨    净重≤25公斤/袋 "]
["面粉",120,"吨","不高于4200元/吨    净重≤25公斤/袋 ",{"$nulls":4},50,2]
["干木耳",1500,"斤","不高于20元/斤    净重≤2.5公斤/袋 ",{"$nulls":6},1500,15]
["干米粉",1200,"件","不高于350元/件   净重≤25公斤/袋 "]
["干香菇",1500,"斤","不高于50元/斤    净重≤2.5公斤/袋 "]
["评标专家签名："]
["2021-2022学年学生食堂大宗物资采购招标评标表"]
[{"$f":"A20","v":"项目编号：PCHQ20210015"},{"$nulls":3},"A分标（大米、面粉、杂粮、干杂类）",{"$nulls":9},"  2021 年 10 月 13 日"]
["品名","招标    数量","单位","价格要求","中标情况"]
[{"$nulls":4},"广西优粮米业有限公司",null,"广西万乡河餐饮管理有限公司",null,"广西粮鲜冠米业有限公司",null,"上林县千嘉汇食品配送有限公司",null,"广西新发展米业有限公司",null,"广西品冠食品有限责任公司",null,"广西麦面龙食品有限公司"]
[{"$nulls":4},"中标 数量","中标 单价","中标 数量","中标 单价","中标 数量","中标 单价","中标 数量","中标 单价","中标 数量","中标 单价","中标 数量","中标 单价","中标 数量","中标 单价","中标 数量","中标 单价"]
["杂优大米",50,"吨","不高于4100元/吨    净重≤25公斤/袋"]
["优质大米",300,"吨","不高于5600元/吨    净重≤25公斤/袋"]
["碎米",8,"吨","不高于4200元/吨    净重≤25公斤/袋 "]
["糯米",10,"吨","不高于8600元/吨    净重≤50公斤/袋"]
["糯米粉",6,"吨","不高于7840元/吨    净重≤25公斤/袋"]
["花生粒",6,"吨","不高于16400元/吨    净重≤25公斤/袋 "]
["绿豆",6,"吨","不高于11600元/吨    净重≤25公斤/袋 "]
["黄豆",10,"吨","不高于7500元/吨    净重≤25公斤/袋 "]
["面粉",120,"吨","不高于4200元/吨    净重≤25公斤/袋 "]
["干木耳",1500,"斤","不高于20元/斤    净重≤2.5公斤/袋 "]
["干米粉",1200,"件","不高于350元/件   净重≤25公斤/袋 ",{"$nulls":10},600,3]
["干香菇",1500,"斤","不高于50元/斤    净重≤2.5公斤/袋 "]
["评标专家签名："]

{"sheet":"中标单位名称","index":5,"n_rows":19,"n_cols":3,"rows_kept":19}
["序号","单位","所中分标"]
[1,"广西桂然生态农业有限公司","A"]
[2,"广西南宁百味源食品有限责任公司","ABC"]
[3,"广西南宁市锦沅祥商贸有限公司","A"]
[4,"广西品饭师粮食集团有限公司","A"]
[5,"广西品冠食品有限责任公司","A"]
[6,"广西万家香农业发展有限公司","A"]
[7,"南宁力源粮油食品有限责任公司","A"]
[8,"南宁山水富源贸易有限公司","A"]
[9,"南宁市五丰工贸有限公司","A"]
[10,"广西南宁市玖味源商贸有限公司","BC"]
[11,"南宁鸿蕊商贸有限公司","B"]
[12,"广西安为先食品有限公司","DE"]
[13,"南宁市大禧源贸易有限公司","DE"]
[14,"南宁市梅洛食品有限公司","DE"]
[15,"南宁市丈久食品有限公司","DE"]
[16,"广西味美鲜食品有限公司","DE"]
[17,"广西南宁壹坡食品有限公司","E"]
[18,"南宁市松健冷冻食品贸易有限公司","E"]

{"sheet":"中标情况汇总表","index":6,"n_rows":92,"n_cols":13,"rows_kept":92,"merged":[[0,0,0,12],[1,0,1,12],[2,0,2,7],[2,8,2,12],[4,0,4,12],[6,0,8,0],[6,1,8,1],[6,2,8,2],[6,3,8,3],[6,4,8,4],[6,5,8,5],[6,13,10,13],[6,14,10,14],[6,15,10,15],[15,0,17,0],[15,1,17,1],[15,2,17,2],[15,3,17,3],[15,4,17,4],[15,5,17,5],[19,0,20,0],[19,1,20,1],[19,2,20,2],[19,3,20,3],[19,4,20,4],[19,5,20,5],[23,0,23,11],[24,0,25,0],[24,2,25,2],[24,3,25,3],[27,0,27,11],[28,3,42,3],[34,0,35,0],[34,1,35,1],[34,2,35,2],[34,4,35,4],[34,5,35,5],[44,0,44,11],[45,3,62,3],[46,0,47,0],[46,1,47,1],[46,2,47,2],[46,4,47,4],[46,5,47,5],[48,0,50,0],[48,1,50,1],[48,2,50,2],[48,4,50,4],[48,5,50,5],[54,1,55,1],[54,2,55,2],[54,4,55,4],[54,5,55,5],[64,0,64,11],[65,3,89,3],[77,0,78,0],[77,1,78,1],[77,2,78,2],[77,4,78,4],[77,5,78,5]]}
["广西西大朴诚后勤产业服务有限公司"]
["2021-2022学年学生食堂大宗物资采购招标中标情况汇总表"]
["项目编号：PCHQ20210015",{"$nulls":7},"开标时间：2021年10月13日9时00分"]
["序号","商品全名","规格要求","质量等级\n包装要求","价格要求","单位","数量","生产厂家","商标","中标单价（元）","中标金额（元）","中标单位","备注"]
["A分标：大米、面粉、杂粮、干杂类"]
[1,"杂优大米","净重≤25公斤/袋包装","符合GB1354要求，质量等级：籼米三级","≤4100元/吨","吨",50,"桂林力源粮油食品集团有限公司","力源",2.05,{"$f":"G6*2000*J6","v":{"v":204999.99999999997,"d":"205000.00"}},{"$f":"A分标大米!G4","v":"南宁力源粮油食品有限责任公司"}]
[2,"优质大米","净重≤25公斤/袋包装","符合GB1354要求，质量等级：籼米三级","≤5600元/吨","吨",100,"广西品饭师粮食集团有限公司","穗穗友厨",2.45,{"$f":"G7*2000*J7","v":{"v":490000.00000000006,"d":"490000.00"}},{"$f":"A分标大米!K4","v":"广西品饭师粮食集团有限公司"}]
[{"$nulls":6},100,"广西万家香农业发展有限公司","稻香通宝",2.45,{"$f":"G8*2000*J8","v":{"v":490000.00000000006,"d":"490000.00"}},{"$f":"A分标大米!M4","v":"广西万家香农业发展有限公司"}]
[{"$nulls":6},100,"南宁山水富源贸易有限公司","象之源",2.45,{"$f":"G9*2000*J9","v":{"v":490000.00000000006,"d":"490000.00"}},{"$f":"A分标大米!I22","v":"南宁山水富源贸易有限公司"}]
[3,"碎米","净重≤25公斤/袋包装","符合GB1354要求，质量等级：籼米三级","≤4200元/吨","吨",8,"广西品饭师粮食集团有限公司","品饭师",{"v":1.9,"d":"1.90"},{"$f":"G10*2000*J10","v":{"v":30400,"d":"30400.00"}},{"$f":"A分标大米!K4","v":"广西品饭师粮食集团有限公司"}]
[4,"糯米","净重≤50公斤/袋包装","符合GB1354要求，质量等级：籼米三级","≤8600元/吨","吨",10,"安徽蚌埠祥和米业有限公司","龙王庆",{"v":3,"d":"3.00"},{"v":60000,"d":"60000.00"},{"$f":"A分标大米!I4","v":"广西南宁百味源食品有限责任公司"}]
[5,"糯米粉","净重≤25公斤/袋包装","符合GB1354要求，质量等级：籼米三级","≤7840元/吨","吨",6,"江西吉安市新君山粮油食品厂 ","日强",{"v":2.6,"d":"2.60"},{"v":31200,"d":"31200.00"},{"$f":"A分标大米!I4","v":"广西南宁百味源食品有限责任公司"}]
[6,"花生粒","净重≤25公斤/袋包装","符合GB/T 1532-2008","≤16400元/吨","吨",6,"广西好易来贸易有限公司","喜滋福",{"v":6.5,"d":"6.50"},{"v":78000,"d":"78000.00"},{"$f":"A分标大米!I4","v":"广西南宁百味源食品有限责任公司"}]
[7,"绿豆","净重≤25公斤/袋包装","符合GB/T 10462-2008","≤11600元/吨","吨",6,"南宁市老苏家粮油商行","畅通",{"v":5,"d":"5.00"},{"v":60000,"d":"60000.00"},{"$f":"A分标大米!S22","v":"南宁市五丰工贸有限公司"}]
[8,"黄豆","净重≤25公斤/袋包装","符合GB/T 1355-1986","≤7500元/吨","吨",10,"广西好易来贸易有限公司","喜滋福",{"v":3.7,"d":"3.70"},{"v":74000,"d":"74000.00"},{"$f":"A分标大米!I4","v":"广西南宁百味源食品有限责任公司"}]
[9,"面粉","净重≤25公斤/袋包装","符合GB/T 1355-1986","≤4200元/吨 ","吨",40,"河南开封市六福面粉","又一福",2.02,{"v":161600,"d":"161600.00"},{"$f":"A分标大米!I4","v":"广西南宁百味源食品有限责任公司"}]
[{"$nulls":6},30,"广西诚源香农业发展有限公司\n（代工企业：南宁市军粮供应站）","万田",2.05,{"v":122999.99999999999,"d":"123000.00"},{"$f":"A分标大米!E4","v":"广西桂然生态农业有限公司"}]
[{"$nulls":6},50,"广西首丰粮食有限公司","壮歌",{"v":2,"d":"2.00"},{"v":200000,"d":"200000.00"},{"$f":"A分标大米!I22","v":"南宁山水富源贸易有限公司"}]
[10,"干木耳","净重≤2.5kg/袋","符合 GB/T 6192-2019 ","≤20元//斤","斤",1500,"西峡县百山缘食品有限公司","百山缘",{"v":15,"d":"15.00"},{"$f":"G19*J19","v":{"v":22500,"d":"22500.00"}},{"$f":"A分标大米!K22","v":"广西南宁市锦沅祥商贸有限公司"}]
[11,"干米粉","净重≤25kg/件","DBS45/ 036-2016 食品安全地方标准","≤350元/件","件",600,"南宁市富星投资有限公司","都贝",{"v":3,"d":"3.00"},{"$f":"G20*J20","v":{"v":1800,"d":"1800.00"}},{"$f":"A分标大米!I4","v":"广西南宁百味源食品有限责任公司"}]
[{"$nulls":6},600,"广西品冠食品有限责任公司","品冠",{"v":3,"d":"3.00"},{"$f":"G21*J21","v":{"v":1800,"d":"1800.00"}},{"$f":"A分标大米!O40","v":"广西品冠食品有限责任公司"}]
[12,"干香菇","净重≤2.5kg/袋","符合 GB/T 38581-2020","≤50元/斤","斤",1500,"广西红心食品有限公司","红心",{"v":38.6,"d":"38.60"},{"$f":"G22*J22","v":{"v":57900,"d":"57900.00"}},{"$f":"A分标大米!I4","v":"广西南宁百味源食品有限责任公司"}]
[null,"小计",{"$nulls":8},{"$f":"SUM(K6:K22)","v":{"v":2577200,"d":"2577200.00"}}]
["B分标：食用油类"]
[1,"中储粮汉鼎食用植物调和油（非转基因）","食品级内袋或桶+纸箱+外覆收缩膜，净重25升以内","符合国家食用油的有关标准，6-9月份棕榈油含量不超过90%，其他月份棕榈油含量不超过70%，不能含有转基因成份，7度以上不凝结","≤12元/升","升",90000,"中储粮油脂工业东莞有限公司","汉鼎",{"v":11.3,"d":"11.30"},{"$f":"G25*J25","v":{"v":1017000.0000000001,"d":"1017000.00"}},{"$f":"B分标油!E4","v":"广西南宁市玖味源商贸有限公司"}]
[null,"福掌柜花生香食用植物调和油（非转基因）",null,null,"≤12元/升","升",60000,"中粮油脂（钦州）有限公司","中粮",{"v":10.9,"d":"10.90"},{"$f":"G26*J26","v":{"v":654000,"d":"654000.00"}},{"$f":"B分标油!K4","v":"南宁鸿蕊商贸有限公司"}]
[null,"小计",{"$nulls":8},{"$f":"SUM(K25:K26)","v":{"v":1671000,"d":"1671000.00"}}]
["C分标：调味品类"]
[1,"22度三花米酒","≤500mlL/袋\n20袋/件","符合国家相关产品质量标准；包装完整，注册商标、厂名、厂址、质量等级、重量、SC证号等各类标识清楚。","不高于30元/件","件",1400,"桂林市桂竹酒业有限公司","竹新",19,{"$f":"G29*J29","v":{"v":26600,"d":"26600.00"}},{"$f":"C分标调味品!H4","v":"广西南宁市玖味源商贸有限公司"}]
[2,"蚝油","≤13kg/桶",null,"不高于44元/件","桶",1400,"清远市大昌食品有限公司","番寻味",27.5,{"$f":"G30*J30","v":{"v":38500,"d":"38500.00"}},{"$f":"C分标调味品!H4","v":"广西南宁市玖味源商贸有限公司"}]
[3,"袋装米醋","≤500ml/袋\n20袋/件",null,"不高于18元/件","件",300,"南宁市滴珠酿造食品厂","滴珠",10,{"v":3000,"d":"3000.00"},{"$f":"C分标调味品!J4","v":"广西南宁百味源食品有限责任公司"}]
[4,"生抽","≤2000ml/瓶\n6瓶/件",null,"不高于110元/件","件",800,"李锦记（新会）食品有限公司","李锦记",73,{"v":58400,"d":"58400.00"},{"$f":"C分标调味品!H4","v":"广西南宁市玖味源商贸有限公司"}]
[5,"醋精","≤500ml/瓶\n12瓶/件",null,"不高于48元/件","件",150,"广州市番禺新造食品有限公司","凤仙花",40,{"v":6000,"d":"6000.00"},{"$f":"C分标调味品!H4","v":"广西南宁市玖味源商贸有限公司"}]
[6,"山西陈醋","≤500ml/瓶\n20瓶/件",null,"不高于52元/件","件",250,"山西清徐进财醋业有限公司","并西",38,{"v":9500,"d":"9500.00"},{"$f":"C分标调味品!H4","v":"广西南宁市玖味源商贸有限公司"}]
[7,"黄豆酱","≤5kg/件\n6瓶/件",null,"不高于85元/件","件",30,"李锦记（新会）食品有限公司","李锦记",60,{"v":1800,"d":"1800.00"},{"$f":"C分标调味品!H4","v":"广西南宁市玖味源商贸有限公司"}]
[{"$nulls":6},30,"佛山市海天（高明）调味食品有限公司","海天",60,{"v":1800,"d":"1800.00"},{"$f":"C分标调味品!J4","v":"广西南宁百味源食品有限责任公司"}]
[8,"木薯生粉","25kg/件",null,"不高于142元/件","件",400,"南宁市富星投资有限公司","皇妃",2.4,{"v":960,"d":"960.00"},{"$f":"C分标调味品!J4","v":"广西南宁百味源食品有限责任公司"}]
[9,"草菇老抽","≤2000ml/瓶\n6瓶/件",null,"不高于120元/件","件",200,"鹤山市东古调味食品有限公司","东古",82,{"v":16400,"d":"16400.00"},{"$f":"C分标调味品!J4","v":"广西南宁百味源食品有限责任公司"}]
[10,"白糖","50kg/件",null,"不高于330元/件","件",1000,"南宁市糖业股份有限公司明阳糖厂","明阳",3.18,{"v":3180,"d":"3180.00"},{"$f":"C分标调味品!J4","v":"广西南宁百味源食品有限责任公司"}]
[11,"四方井腐乳","≤590g/瓶\n6瓶/件",null,"不高于58元/件","件",140,"桂林临桂横山西方井食品有限公司","四方井",50,{"v":7000,"d":"7000.00"},{"$f":"C分标调味品!H4","v":"广西南宁市玖味源商贸有限公司"}]
[12,"豆瓣酱","≤9KG/桶",null,"不高于62元/件","件",700,"四川省红九久调味品有限公司","九味轩",46,{"v":32200,"d":"32200.00"},{"$f":"C分标调味品!H4","v":"广西南宁市玖味源商贸有限公司"}]
[13,"豆沙","≤2kg/包\n8包/件",null,"不高于110元/件","件",200,"湛江市霞山区嘉华食品有限公司","金培",108,{"v":21600,"d":"21600.00"},{"$f":"C分标调味品!J4","v":"广西南宁百味源食品有限责任公司"}]
[14,"鸡精","≤500g//包\n20包/件",null,"不高于80元/件","件",250,"清远市大昌食品有限公司","番寻味",68,{"v":17000,"d":"17000.00"},{"$f":"C分标调味品!H4","v":"广西南宁市玖味源商贸有限公司"}]
[null,"小计",{"$nulls":8},{"$f":"SUM(K29:K43)","v":{"v":243940,"d":"243940.00"}}]
["D分标：冻肉类"]
[1,"光鸭","≤25KG","符合国家相关产品质量标准；包装完整，注册商标、厂名、厂址、质量等级、重量、QS证号、动产产品检验合格证等各类标识清楚","≤14000.00","吨",25,"江苏省徐州市丰县虹业食品有限公司","虹业",12000,{"$f":"G46*J46","v":{"v":300000,"d":"300000.00"}},{"$f":"D分标冻肉类!H4","v":"广西安为先食品有限公司"}]
[2,"鸭胸肉","≤25KG",null,"≤18000.00","吨",20,"山东呱呱鸭制品有限责任公司","呱呱鸭",13600,{"$f":"G47*J47","v":{"v":272000,"d":"272000.00"}},{"$f":"D分标冻肉类!L4","v":"广西味美鲜食品有限公司"}]
[{"$nulls":6},10,"山东临沂市山东超和龙山腾食品有限公司","超和食品",13570,{"v":135700,"d":"135700.00"},{"$f":"D分标冻肉类!R24","v":"南宁市大禧源贸易有限公司"}]
[3,"边鸭","≤25KG",null,"≤13000.00","吨",30,"江苏省徐州市丰县虹业食品有限公司","虹业",10400,{"v":312000,"d":"312000.00"},{"$f":"D分标冻肉类!H4","v":"广西安为先食品有限公司"}]
[{"$nulls":6},15,"江苏省徐州市丰县虹业食品有限公司","虹业",9473,{"v":142095,"d":"142095.00"},{"$f":"D分标冻肉类!L4","v":"广西味美鲜食品有限公司"}]
[{"$nulls":6},15,"山东邹平和美食品有限公司","和成",9600,{"v":144000,"d":"144000.00"},{"$f":"D分标冻肉类!R4","v":"南宁市梅洛食品有限公司"}]
[4,"鸡碎肉","≤25KG",null,"≤15000.00","吨",25,"辽宁省丹东市耘垦牧业有限公司","刘家河",10300,{"v":257500,"d":"257500.00"},{"$f":"D分标冻肉类!J4","v":"南宁市丈久食品有限公司"}]
[5,"边鸡","≤25KG",null,"≤15000.00","吨",60,"辽宁省海城市腾达食品有限公司","腾达",10200,{"v":612000,"d":"612000.00"},{"$f":"D分标冻肉类!J4","v":"南宁市丈久食品有限公司"}]
[6,"老鸡胸架","≤25KG",null,"≤14000.00","吨",4,"山东潍坊富锦食品有限公司","富锦",8666,{"v":34664,"d":"34664.00"},{"$f":"D分标冻肉类!L4","v":"广西味美鲜食品有限公司"}]
[7,"鸡胸肉","≤25KG",null,"≤16500.00","吨",15,"山东博大食品加工有限公司","博大",12250,{"v":183750,"d":"183750.00"},{"$f":"D分标冻肉类!R4","v":"南宁市梅洛食品有限公司"}]
[{"$nulls":6},10,"山东德州市平原和盛食品有限公司","和盛食品",12995,{"v":129950,"d":"129950.00"},{"$f":"D分标冻肉类!R24","v":"南宁市大禧源贸易有限公司"}]
[8,"面肉","≤25KG",null,"≤16000.00","吨",6,"湖南省益阳市湖南颐丰食品有限公司","大红门",10000,{"v":60000,"d":"60000.00"},{"$f":"D分标冻肉类!H4","v":"广西安为先食品有限公司"}]
[9,"腿肉","≤25KG",null,"≤40000.00","吨",6,"湖南省益阳市湖南颐丰食品有限公司","大红门",21000,{"v":126000,"d":"126000.00"},{"$f":"D分标冻肉类!H4","v":"广西安为先食品有限公司"}]
[10,"三七肉","≤25KG",null,"≤30000.00","吨",12,"湖南省益阳市湖南颐丰食品有限公司","大红门",10100,{"v":121200,"d":"121200.00"},{"$f":"D分标冻肉类!H4","v":"广西安为先食品有限公司"}]
[11,"冻鸡上腿肉","≤25KG",null,"≤18000.00","吨",25,"辽宁省丹东市耘垦牧业有限公司","刘家河",15000,{"v":375000,"d":"375000.00"},{"$f":"D分标冻肉类!J4","v":"南宁市丈久食品有限公司"}]
[12,"鸡腿","≤25KG",null,"≤19000.00","吨",18,"辽宁省丹东市耘垦牧业有限公司","刘家河",13200,{"v":237600,"d":"237600.00"},{"$f":"D分标冻肉类!J4","v":"南宁市丈久食品有限公司"}]
[13,"冻鱿鱼花","≤10KG",null,"≤260.00","件",100,{"$nulls":3},{"v":0,"d":"0.00"},"流标"]
[14,"冻鱿鱼条","≤10KG",null,"≤220.00","件",200,{"$nulls":3},{"v":0,"d":"0.00"},"流标"]
[null,"小计",{"$nulls":8},{"$f":"SUM(K46:K63)","v":{"v":3443459,"d":"3443459.00"}}]
["E分标：速冻肉制品类"]
[1,"调理腿排","≤100-150片/件","符合国家相关产品质量标准；包装完整，注册商标、厂名、厂址、质量等级、重量、QS证号等各类标识清楚","≤300","件",300,"安徽徽之润食品有限公司","徽之润",240,{"$f":"G66*J66","v":{"v":72000,"d":"72000.00"}},{"$f":"E分标速冻半成品类!L4","v":"广西味美鲜食品有限公司"}]
[2,"撒尿牛肉丸","≤20斤/件",null,"≤200","件",300,"福建省泉州鲤龙食品有限公司","近海码头",115,{"$f":"G67*J67","v":{"v":34500,"d":"34500.00"}},{"$f":"E分标速冻半成品类!J4","v":"南宁市丈久食品有限公司"}]
[3,"干层豆腐","≤20斤/件",null,"≤100","件",180,"福建泰州安井食品有限公司","安井",80,{"v":14400,"d":"14400.00"},{"$f":"E分标速冻半成品类!N4","v":"广西南宁壹坡食品有限公司"}]
[4,"香酥鸡柳","≤30斤/件",null,"≤220","件",120,"安徽徽之润食品有限公司","徽之润",185,{"v":22200,"d":"22200.00"},{"$f":"E分标速冻半成品类!L4","v":"广西味美鲜食品有限公司"}]
[5,"冰鱼丸","≤20斤/件",null,"≤150","件",120,"福建天清食品有限公司","天清",145,{"v":17400,"d":"17400.00"},{"$f":"E分标速冻半成品类!R4","v":"南宁市梅洛食品有限公司"}]
[6,"烟鸭胸","≤20斤/件",null,"≤250","件",240,"浙江温岭市骏马食品有限公司","骏马食品",180,{"v":43200,"d":"43200.00"},{"$f":"E分标速冻半成品类!N46","v":"南宁市大禧源贸易有限公司"}]
[7,"玉米虾排","≤20斤/件",null,"≤260","件",90,"福建省御香味冷冻食品有限公司","御品香",248,{"v":22320,"d":"22320.00"},{"$f":"E分标速冻半成品类!L4","v":"广西味美鲜食品有限公司"}]
[8,"培根肉"," ≤20斤/件",null,"≤300","件",240,"浙江温岭市骏马食品有限公司","骏马食品",155,{"v":37200,"d":"37200.00"},{"$f":"E分标速冻半成品类!N46","v":"南宁市大禧源贸易有限公司"}]
[9,"耗油肉丝","≤30斤/件",null,"≤250","件",120,"安徽徽之润食品有限公司","徽之润",185,{"v":22200,"d":"22200.00"},{"$f":"E分标速冻半成品类!L4","v":"广西味美鲜食品有限公司"}]
[10,"海苔鸡柳","≤20斤/件",null,"≤200","件",180,"诸城外贸食品冷藏有限公司","诸城外贸",200,{"v":36000,"d":"36000.00"},{"$f":"E分标速冻半成品类!H4","v":"南宁市松健冷冻食品贸易有限公司"}]
[11,"热狗（70-80g）","≤30斤/件",null,"≤180","件",400,"山东褚城市禄民食品有限公司","金翅王",176,{"v":70400,"d":"70400.00"},{"$f":"E分标速冻半成品类!N4","v":"广西南宁壹坡食品有限公司"}]
[12,"紫薯糯米球","≤30斤/件",null,"≤120","件",180,"福建天清食品有限公司","天清",105,{"v":18900,"d":"18900.00"},{"$f":"E分标速冻半成品类!R4","v":"南宁市梅洛食品有限公司"}]
[13,"地道肠","≤24斤/件",null,"≤400","件",100,"隆安福港罐头食品厂","香好多",265,{"v":26500,"d":"26500.00"},{"$f":"E分标速冻半成品类!H4","v":"南宁市松健冷冻食品贸易有限公司"}]
[{"$nulls":6},100,"福建天清食品有限公司","天清",365,{"v":36500,"d":"36500.00"},{"$f":"E分标速冻半成品类!R4","v":"南宁市梅洛食品有限公司"}]
[14,"冰鸡排","≤20斤/件",null,"≤240","件",120,"山东巨嘉食品有限公司","佳惠园",145,{"v":17400,"d":"17400.00"},{"$f":"E分标速冻半成品类!R4","v":"南宁市梅洛食品有限公司"}]
[15,"鸡汁福袋","≤26斤/件",null,"≤200","件",400,"河南美味嘉食品有限公司","臻享受",145,{"v":58000,"d":"58000.00"},{"$f":"E分标速冻半成品类!R4","v":"南宁市梅洛食品有限公司"}]
[16,"腰花肠","≤216斤/件",null,"≤110","件",120,"山东省惠发食品有限公司","惠发",88,{"v":10560,"d":"10560.00"},{"$f":"E分标速冻半成品类!L25","v":"广西味美鲜食品有限公司"}]
[17,"冻蛋饺","≤16斤/件",null,"≤180","件",120,"安徽徽之润食品股份有限公司","徽润",130,{"v":15600,"d":"15600.00"},{"$f":"E分标速冻半成品类!N25","v":"广西南宁壹坡食品有限公司"}]
[18,"鱼豆腐","≤20斤/件",null,"≤160","件",60,"山东凤祥食品有限公司","味缘博",94,{"v":5640,"d":"5640.00"},{"$f":"E分标速冻半成品类!H25","v":"南宁市松健冷冻食品贸易有限公司"}]
[19,"香菇贡丸","≤20斤/件",null,"≤230","件",240,"泉州铭兴食品有限公司晋江分公司","铭兴",112,{"v":26880,"d":"26880.00"},{"$f":"E分标速冻半成品类!N25","v":"广西南宁壹坡食品有限公司"}]
[20,"黄金鸡米粒","≤20斤/件",null,"≤200","件",240,"江苏虞恒食品有限公司","学子膳",155,{"v":37200,"d":"37200.00"},{"$f":"E分标速冻半成品类!L25","v":"广西味美鲜食品有限公司"}]
[21,"莲藕合","≤20斤/件",null,"≤210","件",120,"山东惠发食品有限公司","惠发",115,{"v":13800,"d":"13800.00"},{"$f":"E分标速冻半成品类!L25","v":"广西味美鲜食品有限公司"}]
[22,"蛋肉卷","≤20斤/件",null,"≤160","件",60,"安徽徽之润食品股份有限公司","徽润",112,{"v":6720,"d":"6720.00"},{"$f":"E分标速冻半成品类!N25","v":"广西南宁壹坡食品有限公司"}]
[23,"香芋地瓜丸","≤10斤/件",null,"≤60","件",300,"广东佛山市顺德区粤香食品制造有限公司","大笑",48,{"v":14400,"d":"14400.00"},{"$f":"E分标速冻半成品类!R25","v":"南宁市梅洛食品有限公司"}]
[24,"手抓饼","≤25斤/件",null,"≤130","件",300,"江西大由大食品科技有限公司","大由大",93,{"v":27900,"d":"27900.00"},{"$f":"E分标速冻半成品类!R25","v":"南宁市梅洛食品有限公司"}]
[null,"小计",{"$nulls":8},{"$f":"SUM(K66:K90)","v":{"v":707820,"d":"707820.00"}}]
[null,"合计",{"$nulls":8},{"$f":"K23+K27+K44+K64+K91","v":{"v":8643419,"d":"8643419.00"}}]